00465 2200193 4500001002100000005001500021035002000036008004100056245003700097100001700134250000600151260004300157300001100200084001400211082000800225650001400233990001200247990001200259INLIS00000000000032520240503081426 a0010-0424000301240503 0 ind 1 aStop Mirasantika /cDr. Widharto aDr. Widharto a1 aJakarta :bSunda Kelapa Pustaka,c2015 a52 hlm a300 WID s a300 4aNon Fiksi a0728747 a0728748